000 00176nam a2200073Ia 4500
008 170524s9999 xx 000 0 und d
100 _aSINGH- N K
245 0 _aHUMAN RESOURCE MANAGEMENT
260 _bEXCEL BOOKS
999 _c8261
_d8261